DTM Champions - Statistics

General Stats
  • This quiz has been taken 50 times
    25 since last reset
  • The average score is 12 of 26
Answer Stats
Hint Answer % Correct
2020 Rene Rast
75%
2019 Rene Rast
75%
2017 Rene Rast
75%
2025 Ayhancan Güven
63%
2006 Bernd Schneider
56%
2003 Bernd Schneider
56%
2001 Bernd Schneider
56%
2000 Bernd Schneider
56%
2016 Marco Wittmann
50%
2014 Marco Wittmann
50%
2007 Mattias Ekström
50%
2004 Mattias Ekström
50%
2024 Mirko Bortolotti
50%
2012 Bruno Spengler
44%
2018 Gary Paffett
44%
2005 Gary Paffett
44%
2015 Pascal Wehrlein
44%
2011 Martin Tomczyk
38%
2009 Timo Scheider
38%
2008 Timo Scheider
38%
2002 Laurent Aïello
31%
2013 Mike Rockenfeller
31%
2023 Thomas Preining
31%
2021 Maximilian Götz
25%
2010 Paul Di Resta
25%
2022 Sheldon Van Der Linde
13%
No matching quizzes found
Score Distribution
Percent of People with Each Score
Percentile by Number Answered
Your Score History
You have not taken this quiz since the last reset